| 000 | 00885nam a22001697a 4500 | ||
|---|---|---|---|
| 005 | 20220913112731.0 | ||
| 008 | 191017b mx ||||| |||| 00| 0 spa d | ||
| 050 | 0 | 4 |
_aKGF2698 _bM45 1977 |
| 100 | 1 |
_aMejía, Miguel, _eautor |
|
| 245 | 1 | 0 |
_aErrores constitucionales _b: Las arbitrariedades judiciales y los juicios de amparo. Refutación de los muchos errores que han invadido la jurisprudencia constitucional y exposición de los buenos principios. Examínanse en primer lugar las cuestiones constitucionales que surgen de la aplicación de las leyes en la administración de justicia _c/ Miguel Mejia; prólogo Héctor Fix-Zamudio. |
| 250 | _a1a ed. | ||
| 260 |
_aMéxico : _bUniversidad Nacional Autónoma de México, _c1977 |
||
| 300 |
_a396 paginas : _c23 cm. |
||
| 504 | _aIncluye bibliografias e índice | ||
| 650 | 7 |
_2lemb _aDerecho constitucional _zMéxico |
|
| 942 |
_2lcc _cLIB |
||
| 999 |
_c164205 _d164203 |
||